000 00391nam a2200157Ia 4500
005 20250423100353.0
008 250422s9999 xx 000 0 und d
020 _a9781565335721
100 _aAssessment Technologies Institute
245 0 _aNutrition for Nursing
250 _a6th ed.
260 _c2016
300 _a100 p
650 _aDiet therapy. Nutrition. Nursing.
942 _cBK
999 _c33104
_d33104